Normal view
MARC view
Entry Personal Name
001 - CONTROL NUMBER
- control field: 26624
003 - CONTROL NUMBER IDENTIFIER
- control field: OSt
005 - DATE AND TIME OF LATEST TRANSACTION
- control field: 20160101160243.0
008 - FIXED-LENGTH DATA ELEMENTS
- fixed length control field: 160101|| aca||aabn | a|a d
040 ## - CATALOGING SOURCE
- Original cataloging agency: OSt
- Transcribing agency: OSt
100 ## - HEADING--PERSONAL NAME
- Personal name: Gladden, E N
670 ## - SOURCE DATA FOUND
- Source citation: Work cat.: (OSt)34612: Gladden, E N, The Essentials of Public Administration, 1953









